[Event "DVM U20 2024"]
[Site "Breisach am Rhein GER"]
[Date "2024.12.29"]
[Round "5"]
[White "Pomrehn, Ole Magnus"]
[Black "Jovanovic, Lucas"]
[Result "1/2-1/2"]
[Termination "normal"]
[Board "1.6"]
[WhiteElo "1735"]
[BlackElo "1793"]
[WhiteTeam "SF Neuberg"]
[BlackTeam "Krefelder SK Turm 1851"]
[PlyCount "178"]
[WhiteFideId "16232704"]
[BlackFideId "34624406"]
[EventCountry "GER"]
[EventRounds "7"]
[EventType "team-swiss"]
[EventDate "2024.12.26"]

1. e4 e5 2. Nf3 Nc6 3. d4 exd4 4. Bc4 Nf6 5. e5 d5 6. Bb5 Nd7 7. Bxc6 bxc6 8.
Nxd4 Nb8 9. O-O c5 10. Nf3 Be7 11. Bf4 O-O 12. Nc3 Be6 13. Qd2 h5 14. Ng5 Nc6
15. h4 Nd4 16. Ne2 Nf5 17. g3 Rb8 18. b3 c4 19. Nd4 Nxd4 20. Qxd4 c5 21. Qd1 g6
22. bxc4 d4 23. Qe2 Bxg5 24. Bxg5 Qa5 25. Bh6 Rfe8 26. Qf3 Bf5 27. Qf4 Qc3 28.
Bg5 Qxc4 29. Bf6 Kh7 30. f3 Bh3 31. Rf2 Qc3 32. Rd1 Qe3 33. Qxe3 dxe3 34. Re2
Rb6 35. Kh2 Bf5 36. Rd6 Rxd6 37. exd6 Bd7 38. Be7 Rb8 39. Rxe3 Rb2 40. Rc3 Rb5
41. Ra3 a5 42. Rc3 a4 43. a3 Kg8 44. Rc4 Ra5 45. Kg1 f5 46. Kf2 Kf7 47. Bd8 Ra8
48. Bc7 Re8 49. Rxc5 Kf6 50. Rd5 Re5 51. Rd4 Rc5 52. c4 Ke6 53. Bb6 Re5 54. Rd2
Bc6 55. Rd3 Kd7 56. Rd4 Re6 57. Bc5 Re8 58. Bb4 Re5 59. Rd3 Re8 60. Re3 Rxe3
61. Kxe3 Ba8 62. Kf4 Ke6 63. g4 fxg4 64. fxg4 hxg4 65. Kxg4 Be4 66. Kg5 Kd7 67.
Kf6 Bd3 68. Kf7 Bf5 69. c5 Be4 70. Kf6 Kc6 71. Ke5 Bd3 72. Ke6 Bf5+ 73. Ke5 Bg4
74. Kf6 Bh5 75. Kg5 Kd7 76. Ba5 Kc6 77. Kf6 Kd7 78. Bb4 Kc6 79. Ke6 Bg4+ 80.
Ke7 Bf5 81. Kf6 Be4 82. Ke5 Bf3 83. Ke6 Bg4+ 84. Kf7 Bf5 85. Ke8 Bd7+ 86. Kf7
Bf5 87. Kf6 Be4 88. Kf7 Kd7 89. Kf6 Bf5 1/2-1/2

[Event "DVM U20 2024"]
[Site "Breisach am Rhein GER"]
[Date "2024.12.29"]
[Round "5"]
[White "Gallasch, Jonas"]
[Black "Skembris, Simon Max"]
[Result "1-0"]
[Termination "normal"]
[Board "2.1"]
[WhiteTitle "FM"]
[WhiteElo "2309"]
[BlackElo "2063"]
[WhiteTeam "SG Porz"]
[BlackTeam "SK Freiburg-Zähringen 1887"]
[PlyCount "79"]
[WhiteFideId "16222474"]
[BlackFideId "16281381"]
[EventCountry "GER"]
[EventRounds "7"]
[EventType "team-swiss"]
[EventDate "2024.12.26"]

1. Nf3 c5 2. g3 Nc6 3. Bg2 g6 4. c4 Bg7 5. Nc3 d6 6. O-O e5 7. Ne1 Nge7 8. Nc2
O-O 9. d3 Be6 10. Ne3 Qd7 11. Re1 f5 12. Rb1 f4 13. Ned5 g5 14. b4 Rab8 15.
bxc5 dxc5 16. Ne4 b6 17. Nxg5 Bxd5 18. cxd5 Nxd5 19. Qb3 Rbd8 20. Bxd5+ Qxd5
21. Ne6 Qxb3 22. axb3 Rde8 23. Nxf8 Rxf8 24. Bb2 Nb4 25. gxf4 Rxf4 26. f3 Kf7
27. Rbc1 e4 28. Bxg7 exf3 29. Rf1 Kxg7 30. Rxf3 Rxf3 31. exf3 Nxd3 32. Rd1 Ne5
33. Kg2 c4 34. bxc4 Nxc4 35. Rd7+ Kg6 36. Rxa7 h5 37. Rc7 Ne3+ 38. Kf2 Nd5 39.
Rd7 Nf6 40. Rd6 1-0

[Event "DVM U20 2024"]
[Site "Breisach am Rhein GER"]
[Date "2024.12.29"]
[Round "5"]
[White "Menzel, Maximilian"]
[Black "Ciuloi, Victor Stefan"]
[Result "1-0"]
[Termination "normal"]
[Board "2.3"]
[WhiteElo "2173"]
[BlackElo "1941"]
[WhiteTeam "SG Porz"]
[BlackTeam "SK Freiburg-Zähringen 1887"]
[PlyCount "99"]
[WhiteFideId "34617280"]
[BlackFideId "16242262"]
[EventCountry "GER"]
[EventRounds "7"]
[EventType "team-swiss"]
[EventDate "2024.12.26"]

1. d4 Nf6 2. c4 e6 3. g3 d5 4. Nf3 dxc4 5. Bg2 c5 6. O-O Nc6 7. dxc5 Qxd1 8.
Rxd1 Bxc5 9. Nbd2 c3 10. bxc3 O-O 11. Nb3 Bb6 12. Nbd4 Bd7 13. Bf4 Nd5 14. Bd2
Nxd4 15. cxd4 Bc6 16. e3 Rac8 17. Ne5 Ba4 18. Rdc1 Rc7 19. Rxc7 Bxc7 20. Nd3
Bc6 21. Nb4 Nxb4 22. Bxb4 Rd8 23. Bxc6 bxc6 24. Rc1 Bd6 25. Bxd6 Rxd6 26. Rb1
Kf8 27. Rb7 a5 28. Ra7 Rd5 29. Ra6 Rb5 30. a4 Rb1+ 31. Kg2 Ra1 32. Rxa5 Ke7 33.
g4 Kf6 34. h4 h6 35. Kg3 g5 36. h5 Ra3 37. Kf3 Ra2 38. Ra7 Kg7 39. a5 Kg8 40.
a6 f5 41. Re7 Rxa6 42. Rxe6 fxg4+ 43. Kxg4 Kg7 44. Rg6+ Kh7 45. Kf3 Ra1 46.
Rxc6 Rh1 47. Rc7+ Kg8 48. Kg4 Rh4+ 49. Kf5 Rxh5 50. Kg6 1-0

[Event "DVM U20 2024"]
[Site "Breisach am Rhein GER"]
[Date "2024.12.29"]
[Round "5"]
[White "Miller, Konstantin"]
[Black "Sabirov, Rafael"]
[Result "0-1"]
[Termination "normal"]
[Board "2.4"]
[WhiteElo "1929"]
[BlackElo "2145"]
[WhiteTeam "SK Freiburg-Zähringen 1887"]
[BlackTeam "SG Porz"]
[PlyCount "82"]
[WhiteFideId "34628380"]
[BlackFideId "16241185"]
[EventCountry "GER"]
[EventRounds "7"]
[EventType "team-swiss"]
[EventDate "2024.12.26"]

1. d4 d5 2. Bf4 Nf6 3. e3 e6 4. c3 c5 5. Nd2 Bd6 6. Bg3 O-O 7. Ngf3 Qc7 8. Bd3
Nbd7 9. O-O b6 10. e4 Bxg3 11. hxg3 cxd4 12. cxd4 dxe4 13. Nxe4 Bb7 14. Rc1 Qb8
15. Nc3 Nd5 16. Bb1 N7f6 17. Ne5 Rd8 18. Qe2 Qd6 19. Rfd1 Qe7 20. Qc2 g6 21.
Qd2 Kg7 22. Qe2 Rac8 23. Qd2 a6 24. Qe2 Qd6 25. Qe1 Ne7 26. Qe2 Ned5 27. Qe1
Qb4 28. Qd2 Ne7 29. g4 h6 30. Kf1 Nc6 31. Nxc6 Bxc6 32. a3 Qd6 33. Kg1 Nxg4 34.
g3 Nf6 35. Qe2 Bb7 36. Qe3 h5 37. Rc2 Nd5 38. Nxd5 Qxd5 39. f3 Rxc2 40. Bxc2
Qxf3 41. Qxf3 Bxf3 0-1

[Event "DVM U20 2024"]
[Site "Breisach am Rhein GER"]
[Date "2024.12.29"]
[Round "5"]
[White "Kruse, Victor"]
[Black "Hördt, Benjamin"]
[Result "1-0"]
[Termination "normal"]
[Board "2.5"]
[WhiteElo "2043"]
[BlackElo "1901"]
[WhiteTeam "SG Porz"]
[BlackTeam "SK Freiburg-Zähringen 1887"]
[PlyCount "83"]
[WhiteFideId "16256964"]
[BlackFideId "34648810"]
[EventCountry "GER"]
[EventRounds "7"]
[EventType "team-swiss"]
[EventDate "2024.12.26"]

1. d4 Nf6 2. c4 e6 3. Nf3 b6 4. a3 Be7 5. Qc2 Bb7 6. Nc3 d5 7. cxd5 exd5 8. Bg5
O-O 9. e3 h6 10. Bh4 Nbd7 11. Be2 c5 12. O-O Ne4 13. Bxe7 Qxe7 14. dxc5 bxc5
15. Nxe4 dxe4 16. Nd2 Rac8 17. Rac1 Rfd8 18. Rfd1 Bd5 19. Bc4 Ba8 20. Ba6 Rb8
21. Be2 f5 22. Nc4 Nf8 23. Qc3 Bd5 24. Na5 Kh7 25. Qxc5 Qf7 26. b4 Rb6 27. g3
Ne6 28. Qc3 Ng5 29. Nc4 Nf3+ 30. Bxf3 exf3 31. Nxb6 axb6 32. Rd4 g5 33. h4 Rg8
34. Qc7 gxh4 35. Qxf7+ Bxf7 36. Rxh4 Bd5 37. Rd4 Be4 38. Kf1 Ra8 39. Rc3 Rg8
40. Ke1 Rg5 41. Rd6 Rh5 42. Rc7+ 1-0

[Event "DVM U20 2024"]
[Site "Breisach am Rhein GER"]
[Date "2024.12.29"]
[Round "5"]
[White "Spillner, Ladis"]
[Black "Kliffken, Julian"]
[Result "0-1"]
[Termination "normal"]
[Board "2.6"]
[WhiteElo "1752"]
[BlackElo "1767"]
[WhiteTeam "SK Freiburg-Zähringen 1887"]
[BlackTeam "SG Porz"]
[PlyCount "102"]
[WhiteFideId "16217764"]
[BlackFideId "16298071"]
[EventCountry "GER"]
[EventRounds "7"]
[EventType "team-swiss"]
[EventDate "2024.12.26"]

1. d4 Nf6 2. Bf4 d5 3. e3 c5 4. c3 Nc6 5. Nf3 Qb6 6. Qb3 c4 7. Qxb6 axb6 8. Na3
Bf5 9. Nb5 Ra5 10. a4 h6 11. Be2 Kd7 12. O-O e6 13. Bc7 Ra6 14. Ne5+ Nxe5 15.
dxe5 Ne8 16. Bb8 Bc5 17. Rfd1 Bc2 18. Rd2 Bb3 19. e4 Ra8 20. Bd6 Bxd6 21. Nxd6
Nxd6 22. exd6 Kxd6 23. exd5 exd5 24. Bf3 Ra5 25. Bd1 Bxd1 26. Raxd1 Rc5 27. g3
Ra8 28. Ra1 Rca5 29. Rad1 Kc6 30. Rd4 Rc5 31. Ra1 Kd6 32. Rad1 b5 33. axb5 Ra2
34. R4d2 Rxb5 35. Rb1 Kc6 36. Kf1 Rb3 37. Ke2 b5 38. Rc2 b4 39. cxb4 Rxb4 40.
Kd2 d4 41. b3 Rxc2+ 42. Kxc2 Rxb3 43. Rxb3 cxb3+ 44. Kxb3 Kd5 45. f3 f5 46. h3
g5 47. Kc2 Kc4 48. Kd2 d3 49. f4 gxf4 50. gxf4 Kd4 51. Kd1 Ke3 0-1

[Event "DVM U20 2024"]
[Site "Breisach am Rhein GER"]
[Date "2024.12.29"]
[Round "5"]
[White "Koll, Linus"]
[Black "Garner, Isaac"]
[Result "0-1"]
[Termination "normal"]
[Board "3.1"]
[WhiteElo "2041"]
[BlackElo "2334"]
[WhiteTeam "Karlsruher SF 1853"]
[BlackTeam "Hamburger SK 1830"]
[PlyCount "60"]
[WhiteFideId "12990299"]
[BlackFideId "16239261"]
[EventCountry "GER"]
[EventRounds "7"]
[EventType "team-swiss"]
[EventDate "2024.12.26"]

1. e4 c6 2. Nf3 d5 3. d3 Qc7 4. Nbd2 e5 5. c3 Nf6 6. Qc2 Be7 7. Be2 c5 8. c4 d4
9. Nf1 h6 10. Ng1 Nc6 11. g3 Bd6 12. Bd2 Be6 13. Qc1 Nd7 14. f4 f5 15. Bh5+ Kd8
16. Bg6 Ne7 17. exf5 Bxf5 18. Bxf5 Nxf5 19. Nf3 exf4 20. Bxf4 g5 21. Bxd6 Qxd6
22. g4 Qc6 23. Qd1 Nh4 24. N1d2 Ng2+ 25. Kf2 Ne3 26. Qg1 Rf8 27. Qg3 Rf4 28. h3
Kc7 29. Ke2 Re8 30. Ne4 Rxe4 0-1

[Event "DVM U20 2024"]
[Site "Breisach am Rhein GER"]
[Date "2024.12.29"]
[Round "5"]
[White "Weihrauch, Jakob"]
[Black "Gülsen, Sinan Yilmaz"]
[Result "1-0"]
[Termination "normal"]
[Board "3.2"]
[WhiteTitle "FM"]
[WhiteElo "2246"]
[BlackElo "1862"]
[WhiteTeam "Hamburger SK 1830"]
[BlackTeam "Karlsruher SF 1853"]
[PlyCount "57"]
[WhiteFideId "16210115"]
[BlackFideId "34606017"]
[EventCountry "GER"]
[EventRounds "7"]
[EventType "team-swiss"]
[EventDate "2024.12.26"]

1. e4 c5 2. Nf3 d6 3. Bb5+ Bd7 4. c4 Nc6 5. Nc3 e5 6. a3 Nge7 7. Rb1 g6 8. b4
Bg7 9. d3 f5 10. h4 O-O 11. h5 fxe4 12. Nxe4 Bg4 13. Bxc6 Nxc6 14. Be3 Nd4 15.
Bxd4 cxd4 16. hxg6 hxg6 17. Qb3 Be6 18. Nfg5 Qd7 19. Nxe6 Qxe6 20. Nxd6 b6 21.
c5 Qxb3 22. Rxb3 bxc5 23. bxc5 Rfd8 24. Rb7 Rab8 25. Rxb8 Rxb8 26. c6 Rb1+ 27.
Ke2 Rxh1 28. c7 Rc1 29. Nc4 1-0

[Event "DVM U20 2024"]
[Site "Breisach am Rhein GER"]
[Date "2024.12.29"]
[Round "5"]
[White "Scheinmaier, Mark"]
[Black "Avdic, Faris"]
[Result "1/2-1/2"]
[Termination "normal"]
[Board "3.3"]
[WhiteElo "1881"]
[BlackElo "2241"]
[WhiteTeam "Karlsruher SF 1853"]
[BlackTeam "Hamburger SK 1830"]
[PlyCount "47"]
[WhiteFideId "16238958"]
[BlackFideId "14422328"]
[EventCountry "GER"]
[EventRounds "7"]
[EventType "team-swiss"]
[EventDate "2024.12.26"]

1. e4 c5 2. Nf3 d6 3. Bb5+ Nc6 4. O-O Bd7 5. Re1 a6 6. Bf1 Nf6 7. c3 Bg4 8. d4
e5 9. dxe5 dxe5 10. Qxd8+ Rxd8 11. Bg5 Bxf3 12. gxf3 Be7 13. Na3 Nh5 14. Be3
Nf4 15. Red1 b5 16. Nc2 Na5 17. Rxd8+ Kxd8 18. b4 Nc4 19. a4 Kd7 20. axb5 axb5
21. Ra7+ Ke6 22. Bxf4 exf4 23. Bh3+ Kf6 24. bxc5 1/2-1/2

[Event "DVM U20 2024"]
[Site "Breisach am Rhein GER"]
[Date "2024.12.29"]
[Round "5"]
[White "Fuhrmann, Bahne"]
[Black "Haug, Mara"]
[Result "0-1"]
[Termination "normal"]
[Board "3.4"]
[WhiteElo "2233"]
[BlackElo "1948"]
[WhiteTeam "Hamburger SK 1830"]
[BlackTeam "Karlsruher SF 1853"]
[PlyCount "120"]
[WhiteFideId "16244842"]
[BlackFideId "16259300"]
[EventCountry "GER"]
[EventRounds "7"]
[EventType "team-swiss"]
[EventDate "2024.12.26"]

1. e4 c5 2. Nf3 Nc6 3. Bb5 g6 4. Bxc6 dxc6 5. d3 Bg7 6. h3 e5 7. Be3 b6 8. Nc3
Ne7 9. Qd2 Qd6 10. Bh6 O-O 11. Nh2 f5 12. Bxg7 Kxg7 13. exf5 Bxf5 14. O-O-O b5
15. Rhe1 b4 16. Ne4 Qd5 17. Kb1 Be6 18. b3 a5 19. Qe3 Nf5 20. Qxc5 Nd4 21. f3
Nb5 22. Qxd5 cxd5 23. Nc5 Bf5 24. Na4 Rac8 25. Kb2 Kf6 26. g4 Be6 27. h4 h5 28.
Rd2 Bf7 29. g5+ Kf5 30. Nb6 Rc7 31. f4 e4 32. dxe4+ dxe4 33. Nd5 Rd7 34. Ne3+
Ke6 35. Nc4 Nc3 36. Nf1 Rxd2 37. Nfxd2 Kd5 38. Ne5 Be8 39. Nec4 Rxf4 40. Nxa5
Rxh4 41. a3 Kd4 42. axb4 Bb5 43. Nb7 Rh2 44. Nc5 Rxd2 45. Ne6+ Ke5 46. Kxc3 Re2
47. Rxe2 Bxe2 48. Nf8 Kf5 49. Kd2 h4 50. Kxe2 h3 51. Kf2 e3+ 52. Kxe3 h2 53.
Kd4 h1=Q 54. Kc5 Qg1+ 55. Kc6 Qg2+ 56. Kb6 Qxc2 57. b5 Qxb3 58. Nd7 Qd5 59. Nb8
Kxg5 60. Na6 Kf6 0-1

[Event "DVM U20 2024"]
[Site "Breisach am Rhein GER"]
[Date "2024.12.29"]
[Round "5"]
[White "Fischer, Darja"]
[Black "Reyes-Mantilla, Andrés Mauricio"]
[Result "1-0"]
[Termination "normal"]
[Board "3.5"]
[WhiteElo "1841"]
[BlackElo "2085"]
[WhiteTeam "Karlsruher SF 1853"]
[BlackTeam "Hamburger SK 1830"]
[PlyCount "103"]
[WhiteFideId "16240898"]
[BlackFideId "4467248"]
[EventCountry "GER"]
[EventRounds "7"]
[EventType "team-swiss"]
[EventDate "2024.12.26"]

1. d4 Nf6 2. c4 e6 3. Nf3 d5 4. Nc3 a6 5. cxd5 exd5 6. Bg5 Be6 7. e3 Nbd7 8.
Bd3 Bd6 9. O-O c6 10. Qc2 Qc7 11. Bh4 h6 12. Bg3 Bxg3 13. hxg3 O-O 14. b4 Qd6
15. Rab1 a5 16. b5 c5 17. dxc5 Nxc5 18. Nd4 Rac8 19. Qd2 Rfe8 20. Rfc1 Bg4 21.
Bc2 Qe5 22. Na4 Nxa4 23. Bxa4 Ne4 24. Qe1 Nc5 25. Bc2 a4 26. Qd2 b6 27. Rb4 Ra8
28. Bd1 h5 29. Bxg4 hxg4 30. Nc6 Qh5 31. Rd4 Ne4 32. Rxd5 f5 33. Qd4 Nf6 34.
Re5 Rxe5 35. Qxe5 Re8 36. Ne7+ Kf8 37. Rc8 Qf7 38. Rxe8+ Qxe8 39. Nc6 Qd7 40.
Qb8+ Ne8 41. Qxb6 Qd5 42. Qa7 Nd6 43. Qa8+ Ne8 44. b6 Qxa2 45. b7 g5 46. Qa6
Qa1+ 47. Qf1 Qc3 48. b8=Q Qxc6 49. Qbb5 Qc2 50. Qfb1 Qc3 51. Q1xf5+ Nf6 52.
Qfc5+ 1-0

[Event "DVM U20 2024"]
[Site "Breisach am Rhein GER"]
[Date "2024.12.29"]
[Round "5"]
[White "Klaas, Heiko"]
[Black "Khachaturyan, Konstantin"]
[Result "1-0"]
[Termination "normal"]
[Board "3.6"]
[WhiteElo "1952"]
[BlackElo "1807"]
[WhiteTeam "Hamburger SK 1830"]
[BlackTeam "Karlsruher SF 1853"]
[PlyCount "155"]
[WhiteFideId "16215940"]
[BlackFideId "16239083"]
[EventCountry "GER"]
[EventRounds "7"]
[EventType "team-swiss"]
[EventDate "2024.12.26"]

1. e4 c6 2. d4 d5 3. Nc3 dxe4 4. Nxe4 Bf5 5. Ng3 Bg6 6. h4 h6 7. Be3 e6 8. Bd3
Bxd3 9. Qxd3 Qa5+ 10. Bd2 Bb4 11. c3 Be7 12. N1e2 Nf6 13. c4 Bb4 14. Bxb4 Qxb4+
15. Qc3 Qxc3+ 16. Nxc3 Nbd7 17. f4 O-O-O 18. Rd1 Rhe8 19. Kf2 Nb6 20. b3 Rd7
21. Kf3 Red8 22. Nge2 h5 23. Rd3 g6 24. Rhd1 Kc7 25. Ne4 Nxe4 26. Kxe4 Re8 27.
Nc3 a6 28. Kf3 f5 29. Ne2 Red8 30. Ke3 Re7 31. Ng1 Nd7 32. Nf3 Nf6 33. Ng5 Rd6
34. Kf3 Kd7 35. Re1 Ne8 36. Ke3 Nc7 37. Kd2 b5 38. Kc3 a5 39. Nf3 b4+ 40. Kc2
Rg7 41. Ne5+ Ke7 42. c5 Rd5 43. Nxc6+ Kf6 44. Re5 Rgd7 45. Rxd5 Nxd5 46. g3 Rc7
47. Ne5 Ne7 48. Rd2 Nc8 49. Kd3 Kg7 50. Nc4 Ra7 51. Rc2 Ra6 52. Ne5 a4 53. Kc4
axb3 54. axb3 Ra1 55. Kxb4 Rg1 56. Rc3 Ne7 57. Kb5 Nd5 58. Rd3 Nc7+ 59. Kc6 Nd5
60. Kd6 Nb4 61. c6 Rc1 62. c7 Nd5 63. Nc4 Nxc7 64. Kxc7 g5 65. hxg5 Rf1 66. Nd2
Rf2 67. b4 h4 68. gxh4 Rxf4 69. Nf3 e5 70. Nxe5 Rxh4 71. b5 f4 72. b6 f3 73.
Rxf3 Rh1 74. b7 Rc1+ 75. Nc6 Rh1 76. b8=Q Rh7 77. Ne5 Rh8 78. Rf7# 1-0

[Event "DVM U20 2024"]
[Site "Breisach am Rhein GER"]
[Date "2024.12.29"]
[Round "5"]
[White "Mankel, Luca"]
[Black "Nguyen, Alex Dac-Vuong"]
[Result "1/2-1/2"]
[Termination "normal"]
[Board "4.1"]
[BlackTitle "IM"]
[WhiteElo "1998"]
[BlackElo "2360"]
[WhiteTeam "TSG Oberschöneweide"]
[BlackTeam "SG Leipzig"]
[PlyCount "55"]
[WhiteFideId "16253876"]
[BlackFideId "12984388"]
[EventCountry "GER"]
[EventRounds "7"]
[EventType "team-swiss"]
[EventDate "2024.12.26"]

1. e4 c5 2. Nc3 Nc6 3. Nge2 e5 4. Nd5 d6 5. Nec3 Be6 6. Bc4 Nf6 7. d3 Be7 8.
O-O O-O 9. a4 Nb4 10. Ne3 d5 11. exd5 Nfxd5 12. Ncxd5 Nxd5 13. Qf3 Nxe3 14.
Bxe3 Bxc4 15. dxc4 Qc7 16. Rad1 Rad8 17. b3 g6 18. Qe2 f5 19. f3 Rfe8 20. Rd5
Rxd5 21. cxd5 Bd6 22. g4 Qd7 23. Qb5 Qxb5 24. axb5 f4 25. Bf2 b6 26. Ra1 Bb8
27. c4 Re7 28. Kf1 1/2-1/2

[Event "DVM U20 2024"]
[Site "Breisach am Rhein GER"]
[Date "2024.12.29"]
[Round "5"]
[White "Haufe, Laurin"]
[Black "Hommel, Niclas"]
[Result "0-1"]
[Termination "normal"]
[Board "4.2"]
[WhiteElo "2170"]
[BlackElo "2125"]
[WhiteTeam "SG Leipzig"]
[BlackTeam "TSG Oberschöneweide"]
[PlyCount "80"]
[WhiteFideId "12976504"]
[BlackFideId "12974927"]
[EventCountry "GER"]
[EventRounds "7"]
[EventType "team-swiss"]
[EventDate "2024.12.26"]

1. e4 c5 2. Nf3 e6 3. d4 cxd4 4. Nxd4 Nc6 5. Nc3 a6 6. Be3 Qc7 7. Qf3 Ne5 8.
Qg3 h5 9. Nf5 f6 10. O-O-O exf5 11. Nd5 Qc6 12. f4 h4 13. Qe1 Ng4 14. Bb6 Bd6
15. h3 N4h6 16. e5 fxe5 17. fxe5 Bb8 18. Rd3 Ne7 19. Nxe7 Kxe7 20. Qb4+ Kf7 21.
Rc3 Qe4 22. Bc4+ Kg6 23. Re3 Qc6 24. Rg1 Kh7 25. g4 d5 26. Bd3 a5 27. Qd4 Kg8
28. gxf5 Nxf5 29. Bxf5 Bxf5 30. Rc3 Qe6 31. Re3 Ra6 32. Bc5 Rh6 33. c3 Bc7 34.
Qf4 Rg6 35. Rf1 Be4 36. Qxh4 Ra8 37. Qh5 Qxe5 38. Qe2 Rg2 39. Qxg2 Bxg2 40.
Rxe5 Bxe5 0-1

[Event "DVM U20 2024"]
[Site "Breisach am Rhein GER"]
[Date "2024.12.29"]
[Round "5"]
[White "Mimkes, Pavel"]
[Black "Herrmann, Arthur"]
[Result "1-0"]
[Termination "normal"]
[Board "4.3"]
[WhiteElo "1998"]
[BlackElo "1992"]
[WhiteTeam "TSG Oberschöneweide"]
[BlackTeam "SG Leipzig"]
[PlyCount "95"]
[WhiteFideId "12990833"]
[BlackFideId "16287150"]
[EventCountry "GER"]
[EventRounds "7"]
[EventType "team-swiss"]
[EventDate "2024.12.26"]

1. b3 e5 2. Bb2 Nc6 3. c4 Nf6 4. e3 Be7 5. Nc3 d5 6. cxd5 Nxd5 7. a3 Be6 8. Qc2
O-O 9. Nf3 f6 10. d3 Qe8 11. Be2 Qf7 12. Nd2 Rad8 13. Nc4 Rd7 14. O-O Rfd8 15.
Rfd1 Qg6 16. Ne4 Nb6 17. Rac1 Bd5 18. Ng3 Qg5 19. Nd2 Nc8 20. Nde4 Bxe4 21.
Nxe4 Qg6 22. b4 a6 23. Nc5 Bxc5 24. Qxc5 Nb6 25. g3 Rd5 26. Qc2 a5 27. Qb3 a4
28. Qa2 Qf7 29. Rc3 e4 30. d4 Na7 31. Rc5 c6 32. Rdc1 Kf8 33. Qb1 Nb5 34. Qxe4
f5 35. Qf3 Rxc5 36. Rxc5 Rd5 37. Qf4 g6 38. Bxb5 cxb5 39. Qb8+ Kg7 40. Rc7 Rd7
41. d5+ Kh6 42. Rxd7 Qxd7 43. e4 Nc4 44. Qf8+ Kh5 45. Bc1 g5 46. Qf6 h6 47. h3
Nd6 48. exf5 1-0

[Event "DVM U20 2024"]
[Site "Breisach am Rhein GER"]
[Date "2024.12.29"]
[Round "5"]
[White "Ho, Ngoc Hai-Dang"]
[Black "Nguyen, Jenny Ha-Linh"]
[Result "1-0"]
[Termination "normal"]
[Board "4.5"]
[WhiteElo "1909"]
[BlackElo "1815"]
[WhiteTeam "TSG Oberschöneweide"]
[BlackTeam "SG Leipzig"]
[PlyCount "99"]
[WhiteFideId "16206509"]
[BlackFideId "16209729"]
[EventCountry "GER"]
[EventRounds "7"]
[EventType "team-swiss"]
[EventDate "2024.12.26"]

1. e4 e6 2. d4 d5 3. exd5 exd5 4. Bd3 Bd6 5. Nc3 c6 6. Qf3 Qf6 7. Nce2 Qxf3 8.
Nxf3 Ne7 9. Bf4 Bxf4 10. Nxf4 Bf5 11. Kd2 Bxd3 12. Kxd3 O-O 13. Rhe1 Nf5 14.
Re2 Nd7 15. Rae1 Nf6 16. Ne5 Nd6 17. f3 Rfe8 18. g4 Re7 19. h4 Nd7 20. b3 Nxe5+
21. Rxe5 Rxe5 22. dxe5 Nb5 23. a4 Nc7 24. Kd4 Kf8 25. Nd3 Ne6+ 26. Kc3 g5 27.
hxg5 Nxg5 28. f4 Ne4+ 29. Kd4 f6 30. e6 Ke7 31. f5 Rg8 32. Rh1 Rxg4 33. Rxh7+
Ke8 34. Ke3 Nd6 35. Rh5 Rg2 36. Nf4 Rg8 37. Kf3 Ne4 38. Ng6 Ng5+ 39. Rxg5 fxg5
40. Kg4 Rg7 41. Kxg5 c5 42. f6 Rc7 43. f7+ Rxf7 44. exf7+ Kxf7 45. Kf5 d4 46.
Nf4 Ke7 47. Ke5 Kd7 48. Kd5 b6 49. Ne6 a6 50. Nxc5+ 1-0

[Event "DVM U20 2024"]
[Site "Breisach am Rhein GER"]
[Date "2024.12.29"]
[Round "5"]
[White "Zinke, Mirko"]
[Black "Kilic, Hasan"]
[Result "0-1"]
[Termination "normal"]
[Board "4.6"]
[WhiteElo "1791"]
[BlackElo "1741"]
[WhiteTeam "SG Leipzig"]
[BlackTeam "TSG Oberschöneweide"]
[PlyCount "72"]
[WhiteFideId "16240600"]
[BlackFideId "34613404"]
[EventCountry "GER"]
[EventRounds "7"]
[EventType "team-swiss"]
[EventDate "2024.12.26"]

1. Nf3 Nf6 2. g3 d5 3. d4 e6 4. Bg2 Be7 5. O-O O-O 6. Nc3 Nbd7 7. b3 b6 8. Bb2
Bb7 9. e3 Rc8 10. Ne2 c5 11. Nd2 Qc7 12. c4 dxc4 13. Bxb7 Qxb7 14. Nxc4 Rfd8
15. Rc1 b5 16. Nd2 h6 17. Nf4 cxd4 18. exd4 Qa6 19. Rxc8 Rxc8 20. Qb1 Bb4 21.
Nf3 Qb7 22. Qd3 a6 23. Rc1 Rxc1+ 24. Bxc1 Qc6 25. Bb2 Bd6 26. Ne2 Nd5 27. Nc3
N7f6 28. Ne5 Qc7 29. Nxd5 Nxd5 30. h3 Nb4 31. Qb1 Bxe5 32. dxe5 Qd7 33. a3 Nd3
34. b4 Qd5 35. Qc2 Ne1 36. Qc3 Qg2# 0-1

[Event "DVM U20 2024"]
[Site "Breisach am Rhein GER"]
[Date "2024.12.29"]
[Round "5"]
[White "Englert, Luca"]
[Black "Kanzow, Alexander"]
[Result "1-0"]
[Termination "normal"]
[Board "5.1"]
[WhiteTitle "FM"]
[WhiteElo "2305"]
[BlackElo "1939"]
[WhiteTeam "VfB Schach Leipzig"]
[BlackTeam "KSV Rochade Göttingen (Veltheim)"]
[PlyCount "143"]
[WhiteFideId "16293088"]
[BlackFideId "16225414"]
[EventCountry "GER"]
[EventRounds "7"]
[EventType "team-swiss"]
[EventDate "2024.12.26"]

1. Nf3 Nf6 2. c4 e6 3. g3 d5 4. Bg2 Be7 5. O-O O-O 6. b3 c5 7. Bb2 Nc6 8. cxd5
exd5 9. d4 b6 10. Nc3 Bb7 11. e3 Ne4 12. dxc5 Nxc3 13. Bxc3 bxc5 14. Qd2 Qc7
15. Qb2 g6 16. Rfd1 Rfd8 17. Rac1 Qb6 18. h4 a5 19. Bh8 Bf8 20. Ng5 Nb4 21. Bf6
Rd6 22. Be5 Rdd8 23. a3 Na6 24. Nh3 a4 25. bxa4 Qxb2 26. Bxb2 Nc7 27. Nf4 Rxa4
28. Be5 Ne6 29. Nxd5 Bxd5 30. Bxd5 Bg7 31. Bxg7 Kxg7 32. Rc3 Nc7 33. Bb3 Rxd1+
34. Bxd1 Ra5 35. Bf3 Kf6 36. Kf1 Ke5 37. Ke2 Kd6 38. Rd3+ Ke6 39. Bc6 Nb5 40.
Bd7+ Ke7 41. Bxb5 Rxb5 42. a4 Rb4 43. Ra3 Kd6 44. a5 Kc7 45. a6 Kb8 46. a7+ Ka8
47. Ra2 Rb7 48. Ra5 c4 49. Rc5 Rb2+ 50. Kf3 Kxa7 51. Rxc4 Kb8 52. g4 Rb5 53.
Kg3 h5 54. g5 Ra5 55. Rc6 Ra4 56. f3 Ra1 57. e4 Ra5 58. Kf4 Rb5 59. Rf6 Rb7 60.
Ke5 Kc8 61. Ra6 Kd7 62. Kf6 Rb3 63. Ra7+ Ke8 64. Re7+ Kd8 65. Rxf7 Rxf3+ 66.
Kxg6 Re3 67. Rf4 Ke7 68. Kxh5 Re1 69. Kh6 Rg1 70. g6 Rg2 71. g7 Rg1 72. Kh7 1-0

[Event "DVM U20 2024"]
[Site "Breisach am Rhein GER"]
[Date "2024.12.29"]
[Round "5"]
[White "Mimkes, Antal"]
[Black "Schön, Florian"]
[Result "0-1"]
[Termination "normal"]
[Board "5.2"]
[WhiteElo "2040"]
[BlackElo "1919"]
[WhiteTeam "KSV Rochade Göttingen (Veltheim)"]
[BlackTeam "VfB Schach Leipzig"]
[PlyCount "56"]
[WhiteFideId "16265963"]
[BlackFideId "16259394"]
[EventCountry "GER"]
[EventRounds "7"]
[EventType "team-swiss"]
[EventDate "2024.12.26"]

1. e4 e5 2. Nf3 Nc6 3. Bb5 a6 4. Ba4 Nf6 5. Nc3 b5 6. Bb3 Be7 7. d3 O-O 8. O-O
d6 9. Nd5 Na5 10. Nxe7+ Qxe7 11. Bg5 Nxb3 12. axb3 h6 13. Bh4 Bb7 14. Qe2 Qe6
15. Nd2 Nd7 16. Bg3 f5 17. f4 exf4 18. Bxf4 Nf6 19. e5 g5 20. Be3 Qxe5 21. Nf3
Bxf3 22. Qxf3 Ng4 23. Bf4 gxf4 24. Rae1 Qd4+ 25. Kh1 Rae8 26. c3 Qf6 27. Rxe8
Rxe8 28. Qxf4 Qe5 0-1